| 000 -LEADER |
| fixed length control field |
00313nam a22001217a 4500 |
| 040 ## - CATALOGING SOURCE |
| Transcribing agency |
HS |
| 082 ## - DEWEY DECIMAL CLASSIFICATION NUMBER |
| Classification number |
169 |
| 110 ## - MAIN ENTRY--CORPORATE NAME |
| Corporate name or jurisdiction name as entry element |
CENTRE FOR DEVELOPMENT AND ENVIRONMENT(CDE) |
| 245 ## - TITLE STATEMENT |
| Title |
The WSC map users guide |
| 260 ## - PUBLICATION, DISTRIBUTION, ETC. (IMPRINT) |
| Place of publication |
Switzerland |
| Name of publisher |
Centre for development and environment (CDE) |
| Year of publication |
1997 |
| 300 ## - PHYSICAL DESCRIPTION |
| Number of Pages |
78p; |
| 942 ## - ADDED ENTRY ELEMENTS (KOHA) |
| Koha item type |
សៀវភៅភាសាអង់គ្លេស |
| 952 ## - LOCATION AND ITEM INFORMATION (KOHA) |
| Withdrawn status [LOCAL, KOHA] |
0 |
| 952 ## - LOCATION AND ITEM INFORMATION (KOHA) |
| Withdrawn status [LOCAL, KOHA] |
0 |
| 952 ## - LOCATION AND ITEM INFORMATION (KOHA) |
| Withdrawn status [LOCAL, KOHA] |
0 |
| 952 ## - LOCATION AND ITEM INFORMATION (KOHA) |
| Withdrawn status [LOCAL, KOHA] |
0 |